Oracle self-service applications
Get complete coverage of Oracle E-Business Suite’s Self-Service modules, including Oracle iProcurement, Oracle Internet Expenses, Oracle iSupplier Portal, and Oracle iReceivables, inside this Oracle Press guide. Oracle Self-Service Applications discusses the features of each module and how they bene...
Na minha lista:
| Autor principal: | |
|---|---|
| Formato: | Livro |
| Idioma: | Undetermined |
| Publicado em: |
New York
McGraw-Hill Education
2010
|
| Assuntos: | |
| Tags: |
Adicionar Tag
Sem tags, seja o primeiro a adicionar uma tag!
|
| Thư viện lưu trữ: | Trung tâm Học liệu Trường Đại học Cần Thơ |
|---|
| LEADER | 01183nam a2200205Ia 4500 | ||
|---|---|---|---|
| 001 | CTU_190174 | ||
| 008 | 210402s9999 xx 000 0 und d | ||
| 082 | |a 005.7565 | ||
| 082 | |b C182 | ||
| 100 | |a Cameron, Melanie Anjele | ||
| 245 | 0 | |a Oracle self-service applications | |
| 245 | 0 | |c Melanie Cameron | |
| 260 | |a New York | ||
| 260 | |b McGraw-Hill Education | ||
| 260 | |c 2010 | ||
| 520 | |a Get complete coverage of Oracle E-Business Suite’s Self-Service modules, including Oracle iProcurement, Oracle Internet Expenses, Oracle iSupplier Portal, and Oracle iReceivables, inside this Oracle Press guide. Oracle Self-Service Applications discusses the features of each module and how they benefit organizational workflow, and reviews common implementation considerations that apply to all the modules. The book also provides detailed configuration instructions explaining each screen and field | ||
| 650 | |a Accounting,Electronic commerce,Kế toán,Thương mại điện tử | ||
| 650 | |x Data processing,Computer programs,Xử lý dữ liệu,Chương trình máy tính. | ||
| 904 | |i Qhieu | ||
| 980 | |a Trung tâm Học liệu Trường Đại học Cần Thơ | ||